| 000 | 01052cad a22002175a 4500 | ||
|---|---|---|---|
| 001 | L155008 | ||
| 008 | 120217e20110127xxk 000 0 eng d | ||
| 035 | _a(Sirsi) u155008 | ||
| 041 | 0 | _aeng | |
| 100 | 1 | _aHo, Hann-Ju | |
| 245 | 0 | 0 |
_aBusiness in Britain _ba survey of business opinions and trends _h[electronic resource] |
| 260 |
_aLondon _bLloyds TSB _c2011 |
||
| 490 |
_aLloyds TSB Business in Britain _v(39) January 2012 |
||
| 520 | _aThis annual survey offers a guide to the performance and expectations of businesses, covering principally the SME market. The survey has canvassed opinions of 1,811 businesses covering all industry sectors and regions of the British economy. Construction is one of the sectors featured. | ||
| 590 | _aKA | ||
| 651 | 4 |
_aUnited Kingdom _y |
|
| 690 | _aBusiness and management | ||
| 710 | 1 |
_aLloyds TSB _94126 |
|
| 856 | 4 | 0 |
_uhttps://www.lloydstsbbusiness.com/media/lloydstsb2004/business/pdfs/Business-in-Britain-Report-December2011.pdf _zView this item free of charge at www.lloydstsbbusiness.com |
| 942 | _n0 | ||
| 999 |
_c113281 _d113281 |
||